|
|
|
|
| LEADER |
02582nam a2200529 4500 |
| 001 |
ocn648270213 |
| 003 |
OCoLC |
| 005 |
20180501121931.0 |
| 006 |
m o d |
| 007 |
cr cn||||||||| |
| 008 |
020524s2002 maua ob 001 0 eng d |
| 040 |
|
|
|a E7B
|b eng
|e pn
|c E7B
|d OCLCQ
|d COF
|d OPELS
|d OCLCQ
|d OPELS
|d KUK
|d OCLCQ
|d IDEBK
|d YDXCP
|d OCLCQ
|d KIJ
|d GrThAP
|
| 019 |
|
|
|a 823827222
|a 823896719
|a 824088771
|a 824135156
|a 911589203
|a 1027361523
|
| 020 |
|
|
|a 0121822532
|q (electronic bk.)
|
| 020 |
|
|
|a 9780121822538
|q (electronic bk.)
|
| 020 |
|
|
|a 1281011274
|
| 020 |
|
|
|a 9781281011275
|
| 020 |
|
|
|a 0123106710
|
| 020 |
|
|
|a 9780123106711
|
| 035 |
|
|
|a (OCoLC)648270213
|z (OCoLC)823827222
|z (OCoLC)823896719
|z (OCoLC)824088771
|z (OCoLC)824135156
|z (OCoLC)911589203
|z (OCoLC)1027361523
|
| 050 |
|
4 |
|a QP601
|b .M49350 2002eb
|
| 060 |
|
4 |
|a QU135
|b MET
|
| 072 |
|
7 |
|a PHVN
|2 bicssc
|
| 082 |
0 |
4 |
|a 571.29562
|2 21
|
| 049 |
|
|
|a TEFA
|
| 245 |
0 |
0 |
|a Guide to yeast genetics and molecular and cell biology.
|n Part B /
|c edited by Christine Guthrie, Gerald R. Fink.
|
| 260 |
|
|
|a Boston ;
|a Amsterdam ;
|a London :
|b Academic Press,
|c 2002.
|
| 300 |
|
|
|a 1 online resource (xxxvii, 623 pages) :
|b illustrations.
|
| 336 |
|
|
|a text
|b txt
|2 rdacontent
|
| 337 |
|
|
|a computer
|b c
|2 rdamedia
|
| 338 |
|
|
|a online resource
|b cr
|2 rdacarrier
|
| 490 |
1 |
|
|a Methods in enzymology ;
|v v. 350
|
| 504 |
|
|
|a Includes bibliographical references and indexes.
|
| 588 |
0 |
|
|a Print version record.
|
| 520 |
|
|
|a This volume and its companion, Volume 351, are specifically designed to meet the needs of graduate students and postdoctoral students as well as researchers, by providing all the up-to-date methods necessary to study genes in yeast. Procedures are included that enable newcomers to set up a yeast laboratory and to master basic manipulations. Relevant background and reference information given for procedures can be used as a guide to developing protocols in a number of disciplines. Specific topics addressed in this book include basic techniques, making mutants, genomics, and proteomics.
|
| 650 |
|
0 |
|a Yeast
|x Cytology.
|
| 650 |
|
0 |
|a Yeast
|x Genetics.
|
| 650 |
|
0 |
|a Yeast
|x Molecular aspects.
|
| 650 |
0 |
2 |
|a Yeast, Dried
|x genetics [MESH]
|
| 650 |
0 |
2 |
|a Saccharomyces cerevisiae [MESH]
|
| 650 |
0 |
2 |
|a Molecular Biology [MESH]
|
| 650 |
0 |
2 |
|a Cytology [MESH]
|
| 655 |
|
4 |
|a Electronic books.
|
| 700 |
1 |
|
|a Fink, Gerald R.
|
| 700 |
1 |
|
|a Guthrie, Christine.
|
| 830 |
|
0 |
|a Methods in enzymology ;
|v v. 350.
|
| 856 |
4 |
0 |
|u https://www.sciencedirect.com/science/bookseries/00766879/350
|z Full Text via HEAL-Link
|